[Event "Steinfurt Bezirksklasse 0506"]
[Site "Germany"]
[Date "2006.02.18"]
[Round "6.4"]
[White "Sterthaus, Paul"]
[Black "Ottens, Josef"]
[Result "1/2-1/2"]
[WhiteElo "1504"]
[BlackElo "1520"]
[PlyCount "56"]
[EventDate "2005.09.10"]
[EventType "team-tourn"]
[EventRounds "7"]
[EventCountry "GER"]
[SourceTitle "EXT 2006"]
[Source "ChessBase"]
[SourceDate "2005.11.24"]
[SourceVersion "1"]
[SourceVersionDate "2005.11.24"]
[SourceQuality "1"]
[WhiteTeam "Emsdetten Rochade III"]
[BlackTeam "Steinfurt III"]
[WhiteTeamCountry "GER"]
[BlackTeamCountry "GER"]

1. e4 c6 2. c4 g6 3. d4 Bg7 4. Nf3 d6 5. Nc3 Bg4 6. Be2 Nf6 7. 0-0 Nbd7 8. e5 Bxf3 9. Bxf3 dxe5 10. d5 Qc7 11. dxc6 bxc6 12. Qa4 Rc8 13. Be3 Nb6 14. Qb4 0-0 15. a4 Rb8 16. Qc5 Rbc8 17. a5 Nbd7 18. Qxa7 e6 19. a6 Qxa7 20. Bxa7 Ra8 21. Be3 Rfc8 22. Ne4 Nxe4 23. Bxe4 f5 24. Bc2 f4 25. Bd2 Nc5 26. a7 Rc7 27. b4 Nd7 28. Be4 Nf6 1/2-1/2

[Event "Steinfurt Bezirksliga 0203"]
[Site "Germany"]
[Date "2002.09.14"]
[Round "1.5"]
[White "Sterthaus, Paul"]
[Black "Ottens, Josef"]
[Result "1/2-1/2"]
[WhiteElo "1520"]
[BlackElo "1544"]
[PlyCount "81"]
[EventDate "2002.09.14"]
[EventType "team-tourn"]
[EventRounds "9"]
[EventCountry "GER"]
[SourceTitle "EXT 2004"]
[Source "ChessBase"]
[SourceDate "2003.11.25"]
[SourceVersion "1"]
[SourceVersionDate "2003.11.25"]
[SourceQuality "1"]
[WhiteTeam "Neuenkirchen II"]
[BlackTeam "Steinfurt II"]
[WhiteTeamCountry "GER"]
[BlackTeamCountry "GER"]

1. e4 e5 2. Bc4 Nf6 3. d3 Bc5 4. Bg5 0-0 5. h3 h6 6. Bh4 Nc6 7. Nf3 d6 8. a3 a6 9. Nc3 Be6 10. Nd5 Bxd5 11. Bxd5 Qe7 12. 0-0 Nd8 13. c3 c6 14. Ba2 b5 15. d4 exd4 16. cxd4 Bb6 17. e5 dxe5 18. dxe5 g5 19. exf6 Qxf6 20. Bg3 Re8 21. Qc2 Ne6 22. Be5 Qd8 23. Rad1 Qc8 24. Qf5 Bd8 25. Bb1 Nf8 26. Qxc8 Rxc8 27. Bf5 Ra8 28. Rd6 Bc7 29. Rxc6 Bxe5 30. b3 Kg7 31. Re1 f6 32. Nxe5 Rxe5 33. Rc7+ Kg8 34. Rxe5 fxe5 35. Re7 Rd8 36. Rxe5 Rd1+ 37. Kh2 Ra1 38. a4 bxa4 39. bxa4 Rxa4 40. Be4 a5 41. Re7 1/2-1/2